[Event "SLO-ch U10"]
[Site "Ptuj"]
[Date "2017.02.28"]
[Round "4"]
[White "Kosic, Rok"]
[Black "Selan, Kristof"]
[Result "1/2-1/2"]
[WhiteElo "1753"]
[BlackElo "1668"]
[PlyCount "73"]
[EventDate "2017.02.27"]
[EventType "swiss"]
[EventRounds "9"]
[EventCountry "SLO"]
[SourceTitle "CBM 177 Extra"]
[Source "ChessBase"]
[SourceDate "2017.04.27"]
[SourceVersion "1"]
[SourceVersionDate "2017.04.27"]
[SourceQuality "1"]

1. e4 e5 2. Nf3 Nc6 3. d4 exd4 4. Nxd4 d5 5. Nxc6 bxc6 6. exd5 Qxd5 7. Qxd5 cxd5 8. Be2 Bc5 9. 0-0 Nf6 10. Bf3 0-0 11. c4 c6 12. cxd5 cxd5 13. Nc3 Bb7 14. Bg5 Bd4 15. Ne2 Be5 16. Rfd1 Rad8 17. Bxf6 Bxf6 18. Nf4 Be5 19. Nxd5 h6 20. Ne7+ Kh8 21. Rxd8 Rxd8 22. Bxb7 Rd7 23. Nc6 Bxb2 24. Rb1 Rxb7 25. Na5 Rd7 26. g3 Bc3 27. Nc6 Rc7 28. Nb8 g5 29. Rc1 f5 30. Na6 Rc4 31. Kf1 Ra4 32. Nc5 Rc4 33. Nb3 Kg7 34. Ke2 Re4+ 35. Kd3 Bb2 36. Rc7+ Kg6 37. Rxa7 1/2-1/2

[Event "SLO-ch U10"]
[Site "Ptuj"]
[Date "2017.02.27"]
[Round "1"]
[White "Curic, Enej"]
[Black "Selan, Kristof"]
[Result "1-0"]
[WhiteElo "1210"]
[BlackElo "1668"]
[PlyCount "89"]
[EventDate "2017.02.27"]
[EventType "swiss"]
[EventRounds "9"]
[EventCountry "SLO"]
[SourceTitle "CBM 177 Extra"]
[Source "ChessBase"]
[SourceDate "2017.04.27"]
[SourceVersion "1"]
[SourceVersionDate "2017.04.27"]
[SourceQuality "1"]

1. e4 e5 2. Nc3 Nf6 3. Bc4 Nc6 4. d3 Bc5 5. f4 exf4 6. Bxf4 0-0 7. Nf3 Re8 8. Na4 d5 9. Nxc5 dxc4 10. dxc4 Qxd1+ 11. Rxd1 h6 12. 0-0 Nxe4 13. Rfe1 Bf5 14. Nxe4 Bxe4 15. Nd2 Rad8 16. Bxh6 gxh6 17. Nxe4 Rxd1 18. Nf6+ Kg7 19. Nh5+ Kg6 20. Nf4+ Kf5 21. Rxd1 Kxf4 22. Rf1+ Kg5 23. Rxf7 Re1+ 24. Kf2 Re6 25. Rxc7 Nd4 26. Rg7+ Kh5 27. g4+ Kh4 28. c3 Re2+ 29. Kf1 Rxh2 30. cxd4 Kg3 31. Rxb7 Rc2 32. c5 Rf2+ 33. Ke1 Rc2 34. Kd1 Rh2 35. c6 Rh1+ 36. Kc2 Rh2+ 37. Kc3 Kxg4 38. c7 Rh3+ 39. Kb4 a5+ 40. Ka4 Rd3 41. c8Q+ Kf4 42. Qf8+ Ke4 43. Re7+ Kxd4 44. Qd8+ Kc4 45. Rc7# 1-0